Percy Jackson-Tous les adversaires de Percy - Statistiques

Statistiques générales
  • Ce quiz a été pris 123 fois
    93 depuis la dernière actualisation
  • Le résultat moyen est 9 sur 33
Statistiques - réponses
Adversaires de Percy Jackson % Correct
Cronos
93%
Luke
84%
Méduse
64%
Arès
59%
Hadès
50%
Minotaure
50%
Polyphème
50%
Gaia
47%
Clarisse
41%
Hypérion
34%
Alecto
29%
Chimère
24%
Echidna
21%
Campé
20%
Géryon
18%
Octave
18%
Thorn
18%
Antée
17%
Ethan Nakamura
17%
Polybotès
16%
Polybotès
16%
Ephialtès
13%
Kelli
13%
Lion de Némée
13%
Otos
13%
Arachné
12%
Procuste
11%
Chrysaor
8%
Sloan
7%
Sthéno
7%
Euryale
4%
Achlys
3%
Nérée
3%
Aucun quiz correspondant
Distribution des résultats
% des personnes avec chaque résultat
Percentile par nombre de réponses
Votre historique - résultats
Vous n’avez pas pris ce quiz depuis la dernière actualisation